000 00516nam a2200181 4500
005 20260109134526.0
008 260109b |||||||| |||| 00| 0 eng d
020 _a978-93-5702-798-4
041 _aEnglish
082 _aX 158.1 HIL
_bB12151
100 _aHill, Napoleon
_9216128
110 _aAllen, James
_9216274
245 _aRich Mindset Rich Life: Transforming Your Finances and Future
260 _aNew Delhi
_bRupa Publication
_c2024
300 _a160p.
_bpb
365 _aRupaye
_b199
_cINR
942 _cBK
999 _c369819
_d369819